[Event "CZE-ch U10"]
[Site "Teplice"]
[Date "2023.03.16"]
[Round "7"]
[White "Trejbal, Jindrich1"]
[Black "Remizov, Artem"]
[Result "1-0"]
[WhiteElo "1254"]
[BlackElo "1119"]
[PlyCount "33"]
[EventDate "2023.03.11"]
[EventType "swiss"]
[EventRounds "9"]
[EventCountry "CZE"]
[SourceTitle "CBM 213 Extra"]
[Source "ChessBase"]
[SourceDate "2023.05.31"]
[SourceVersion "1"]
[SourceVersionDate "2023.05.31"]
[SourceQuality "1"]

1. e4 e5 2. Nf3 Nc6 3. Bc4 Nf6 4. d3 Bc5 5. 0-0 d5 6. exd5 Nxd5 7. Bg5 f6 8. d4 exd4 9. Re1+ Nde7 10. Nh4 fxg5 11. Qh5+ g6 12. Nxg6 hxg6 13. Qxh8+ Kd7 14. Qf6 Ke8 15. Bf7+ Kf8 16. Be6+ Ke8 17. Qf7# 1-0

[Event "CZE-ch U10"]
[Site "Teplice"]
[Date "2023.03.13"]
[Round "3"]
[White "Remizov, Artem"]
[Black "Fadrny, Jonas"]
[Result "1/2-1/2"]
[WhiteElo "1119"]
[BlackElo "1247"]
[PlyCount "102"]
[EventDate "2023.03.11"]
[EventType "swiss"]
[EventRounds "9"]
[EventCountry "CZE"]
[SourceTitle "CBM 213 Extra"]
[Source "ChessBase"]
[SourceDate "2023.05.31"]
[SourceVersion "1"]
[SourceVersionDate "2023.05.31"]
[SourceQuality "1"]

1. e4 c6 2. d4 d5 3. exd5 cxd5 4. Nc3 e6 5. Nf3 Bd6 6. Bd3 Ne7 7. Be3 Bd7 8. Qd2 Nbc6 9. Ng5 h6 10. Nf3 e5 11. dxe5 Nxe5 12. Nxe5 Bxe5 13. 0-0-0 Qc7 14. f4 Bxc3 15. Qxc3 Qxc3 16. bxc3 Bg4 17. Rde1 0-0 18. Bc5 Nc6 19. Bxf8 Kxf8 20. h3 Bd7 21. Kd2 f5 22. Rb1 b6 23. Rhe1 Ne7 24. Be2 Bc6 25. g4 g6 26. Bb5 Bxb5 27. Rxb5 Rd8 28. Kd3 Rd6 29. Rbb1 Kf7 30. Ra1 Nc6 31. a3 d4 32. c4 g5 33. gxf5 gxf4 34. Re4 f3 35. Rf1 Kf6 36. Re6+ Rxe6 37. fxe6 Kxe6 38. Ke4 Ne5 39. Kxd4 Nc6+ 40. Kc3 Ne5 41. Re1 Kf5 42. Kd4 Nc6+ 43. Kd5 Nd8 44. Rf1 Kf4 45. Re1 f2 46. Re8 Kg3 47. Rg8+ Kxh3 48. Rf8 Kg2 49. Rg8+ Kh3 50. Rf8 Kg2 51. Rg8+ Kh3 1/2-1/2